00461nam a2200145Ia 4500008004100000041001200041082001500053245003800068260000900106650000900115700001000124942000700134999001500141952015900156221030s9999 xx 000 0 und d aEnglish a105.23bBE 0aEnvironmental EngineeringbFLOPPY c1991 aBook aAlivo cCD c2841d2841 pFloppy 5791l0o105.23 BEr2022-10-30 00:00:00w2022-10-30yCD003Soft Copy4070aMIETLIBbMIETLIBcBL-First, FL-1, CUP-21, SH-0, R-0d2007-04-2610HBE